| 000 | 00634nam a2200193Ia 4500 | ||
|---|---|---|---|
| 003 | GCL | ||
| 008 | 140319s9999 xx 000 0 ara d | ||
| 040 |
_aGCL / _cGCL |
||
| 082 | 0 | 4 |
_aع _b545.001 _bم ت |
| 100 | 1 | _aمحمد مختار الجندى | |
| 245 | 1 | 0 |
_aالتحليل الكيمائى للحبوب الغذائية ومنتجاتها / _cمحمد مختار الجندى |
| 260 |
_a[S.N] : _bدار النهضة العربية ، _c1961 |
||
| 300 | _a286 ص | ||
| 490 | _a | ||
| 650 | 0 | 4 | _aالنبات |
| 650 | 0 | 4 | _aالتحليل الكيمائى |
| 650 | 0 | 4 | _aالكيمياء التحليلية |
| 942 |
_2ddc _cBK |
||
| 999 |
_c30368 _d30368 |
||